Squares of #1-50 - Statistics

General Stats
  • This quiz has been taken 519 times
  • The average score is 32 of 50
Answer Stats
Hint Answer % Correct
1^2 1
100%
4^2 16
99%
2^2 4
99%
3^2 9
99%
10^2 100
98%
5^2 25
98%
6^2 36
98%
7^2 49
98%
8^2 64
98%
9^2 81
98%
11^2 121
96%
12^2 144
96%
13^2 169
88%
20^2 400
82%
50^2 2500
78%
15^2 225
77%
14^2 196
76%
40^2 1600
75%
30^2 900
75%
16^2 256
70%
17^2 289
64%
18^2 324
61%
19^2 361
61%
21^2 441
61%
25^2 625
61%
22^2 484
59%
23^2 529
54%
24^2 576
53%
26^2 676
49%
31^2 961
49%
32^2 1024
48%
27^2 729
48%
29^2 841
46%
33^2 1089
45%
28^2 784
45%
35^2 1225
44%
41^2 1681
43%
34^2 1156
41%
36^2 1296
41%
39^2 1521
40%
37^2 1369
39%
42^2 1764
39%
45^2 2025
39%
38^2 1444
38%
43^2 1849
37%
44^2 1936
35%
49^2 2401
35%
46^2 2116
34%
47^2 2209
34%
48^2 2304
33%
No matching quizzes found
Score Distribution
Percent of People with Each Score
Percentile by Number Answered
Your Score History
You have not taken this quiz